000 00429nam a2200157Ia 4500
008 241127s9999||||xx |||||||||||||| ||und||
020 _a9780470025284
_c480480
040 _beng
_cSSK Library
_erda
082 _a004.678/WEL
100 _a Michael Welzl
245 0 _aNetwork Congestion Control:Managing Internet Traffic
260 _b John Wiley & Sons
_c©2005
942 _22ddc
_cBOOK
_nNo
999 _c8277
_d8277
003 OSt
005 20241127152739.0